|
|
|
|
| LEADER |
00000ckm a2200000 a 4500 |
| 001 |
vtls001207408 |
| 003 |
SK-MaSNL |
| 005 |
20260331202639.0 |
| 007 |
kf co |
| 008 |
231121s1990 xo g 0kuslo |
| 015 |
|
|
|a SNBG1990
|
| 035 |
|
|
|a SNK000150478
|
| 035 |
|
|
|a B638F74C-0193-43F2-9BD0-B4D742A327C4
|
| 035 |
|
|
|a urn:nbn:sk:snk-km00gizh
|
| 040 |
|
|
|a SNK
|b slo
|c SNK
|e AACR2
|
| 041 |
0 |
|
|a slo
|
| 043 |
|
|
|a e-xo---
|
| 044 |
|
|
|a xo
|c SK
|
| 072 |
|
7 |
|a 908(437)
|x Vlastiveda Česka a Slovenska
|2 konspekt
|
| 080 |
|
|
|a 913(437.6)
|2 2011
|
| 080 |
|
|
|a 908(437.6)
|2 2011
|
| 080 |
|
|
|a 728.61
|2 2011
|
| 080 |
|
|
|a 721
|2 2011
|
| 080 |
|
|
|a 685.659.33
|2 2011
|
| 080 |
|
|
|a 621.397.442
|2 2011
|
| 080 |
|
|
|a (234.372)
|2 2011
|
| 080 |
|
|
|a (084.121)
|2 2011
|
| 100 |
1 |
|
|a Šmátrala, Milan
|c (fotograf)
|4 pht
|9 164919
|
| 245 |
1 |
0 |
|a Martinské hole
|h grafika
|b vrcholová stanica sedačkovej lanovky : televízny vysielač : zima na holiach : Chata na Martinských holiach
|c foto Milan Šmátrala, Soňa Pavlíková
|
| 246 |
1 |
|
|i Názov na obrazovej časti:
|a Martinské hole
|
| 260 |
|
|
|a Bratislava
|b Pravda
|c 1990
|e [Bratislava]
|f TZP-B
|
| 300 |
|
|
|a 1 pohľadnica (4 čiastkové pohľady)
|b farebná
|c 11 x 15 cm
|
| 520 |
8 |
|
|a Zobrazenie: Na striebornom podklade, v bielom orámovaní jeden zasnežený pohľad na stanicu lanovky, vedľa ktorej vpravo sú stromy, jeden zasnežený pohľad na snežné pásové vozidlo (ratrack), za ktorým sú stromy, jeden zasnežený pohľad z diaľky na budovu chaty vpravo a vľavo je les a jeden zasnežený pohľad na stožiar vysielača vpravo a vľavo od neho je budova a v popredí je stromček
|
| 650 |
0 |
7 |
|a sedačkové lanovky
|2 SNKPH
|9 184278
|
| 650 |
0 |
7 |
|a televízne vysielače
|2 SNKPH
|9 74434
|
| 650 |
0 |
7 |
|a budovy
|2 SNKPH
|9 1283
|
| 650 |
0 |
7 |
|a chaty
|2 SNKPH
|9 29339
|
| 651 |
|
7 |
|a Martinské hole (Mala Fatra, Slovensko : rekreačná oblasť)
|2 SNKPHgeo
|9 104225
|
| 651 |
|
7 |
|a Krížava (Malá Fatra, Slovensko : vrch)
|2 SNKPHgeo
|9 170259
|
| 655 |
|
7 |
|a miestne pohľadnice
|2 SNKPH
|9 70510
|
| 655 |
|
7 |
|a geografické pohľadnice
|2 SNKPH
|9 70522
|
| 700 |
1 |
|
|a Pavlíková, Soňa
|c (fotografka)
|4 pht
|9 283316
|
| 852 |
|
|
|a Slovenská národná knižnica
|
| 958 |
|
|
|a GBN
|
| 958 |
|
|
|a GC
|
| 958 |
|
|
|a OND
|
| 958 |
|
|
|a EUIPO
|
| 999 |
|
|
|c 596338
|d 598268
|
| 952 |
|
|
|a SNK
|b SNK
|y PREZ
|7 0
|p 17A1411921
|o snkSP 143813
|i snk5108/90
|0 0
|1 0
|4 0
|d 2020-10-19
|f 1
|l 0
|r 2026-02-23 15:39:35
|w 2026-02-23
|
| 952 |
|
|
|a SNK
|b SNK
|y PREZ
|7 0
|p 17A1412117
|o snkSP 143813 D1
|i snk5109/90
|0 0
|1 0
|4 0
|d 2020-10-19
|l 0
|r 2026-02-23 15:39:35
|w 2026-02-23
|